Village matters : (Record no. 42167)

MARC details
000 -LEADER
fixed length control field 01046nam a22002657a 4500
005 - DATE AND TIME OF LATEST TRANSACTION
control field 20100816144333.0
010 ## - LCCN (DPL NO)
LC control number ENG-100618
020 ## - INTERNATIONAL STANDARD BOOK NUMBER
International Standard Book Number 9780198063339
Terms of availability 895.00
020 ## - INTERNATIONAL STANDARD BOOK NUMBER
International Standard Book Number 0198063334
Terms of availability 895.00
035 ## - SYSTEM CONTROL NUMBER
System control number EN-84151
037 ## - SOURCE OF ACQUISITION
Source of stock number/acquisition DBAD/PUB
082 ## - DEWEY DECIMAL CLASSIFICATION NUMBER
Classification number 307.720954
245 ## - TITLE STATEMENT
Title Village matters :
Remainder of title relocating villages in the contemporary anthropology of India /
Statement of responsibility, etc edited by Diane P. Mines [and] Nicolas Yazgi
260 ## - PUBLICATION, DISTRIBUTION, ETC. (IMPRINT)
Place of publication, distribution, etc New Delhi
Name of publisher, distributor, etc Oxford University Press
Date of publication, distribution, etc 2010
270 ## - ADDRESS
Address YMCA Library Building, Jai Singh Road
City New Delhi
Postal code 110001
300 ## - PHYSICAL DESCRIPTION
Extent xiii,390p.
Dimensions 22cm (Hb)
500 ## - GENERAL NOTE
General note includes bibliographical references and index
650 ## - SUBJECT ADDED ENTRY--TOPICAL TERM
Topical term or geographic name as entry element Rural Conditions
650 ## - SUBJECT ADDED ENTRY--TOPICAL TERM
Topical term or geographic name as entry element Village Comunities
650 ## - SUBJECT ADDED ENTRY--TOPICAL TERM
Topical term or geographic name as entry element Sociology, Rural
700 ## - ADDED ENTRY--PERSONAL NAME
Personal name Mines, Diane P.
9 (RLIN) 14050
700 ## - ADDED ENTRY--PERSONAL NAME
Personal name Yazgi, Nicolas
9 (RLIN) 14051
942 ## - ADDED ENTRY ELEMENTS (KOHA)
Source of classification or shelving scheme Dewey Decimal Classification
Item type English Books
Classification part 307.720954
Call number suffix VIL
Holdings
Withdrawn status Lost status Not for loan Collection code Home library Current library Date acquired Source of acquisition Cost, normal purchase price Full call number Barcode Copy number Cost, replacement price Koha item type
    Not For Loan Non-fiction D.B.Act.Division D.B.Act.Division 16/08/2010 DBAD/PUB 895.00 307.720954 VIL EN-84151 1 895.00 English Books

© Delhi Public Library
Hit Counter
free hit counter